000 00469nam a2200181Ia 4500
001 3847
005 20260306145713.0
008 260306t2004||||xx |||||||||||||| ||spa||
041 _aESP
082 _a303.6250985
_bU823
100 _aUceda, Ricardo
_eAUT
245 0 _aMuerte en el Pentagonito:
_blos cementerios secretos del ejército peruano
260 _c2004
300 _a477 páginas :
_c22 cm.
650 _aGEN
654 _aCHU
942 _cLIB
_dJUS
_fJUS
_2ddc
_n
999 _c3847
_d3847